[Event "MPJBiS 2020"]
[Site "?"]
[Date "2020.08.30"]
[Round "7.9"]
[White "Grot, Blazej"]
[Black "Wandor, Adam"]
[Result "1-0"]
[BlackElo "1099"]
[WhiteElo "1557"]
[LiveChessVersion "1.4.8"]

1. e4 {[%clk 0:03:03]} c5 {[%clk 0:03:03]} 2. Nf3 {[%clk 0:03:04]} Nc6
{[%clk 0:03:04]} 3. d4 {[%clk 0:03:05]} cxd4 {[%clk 0:03:04]} 4. Nxd4
{[%clk 0:03:06]} g6 {[%clk 0:03:05]} 5. c4 {[%clk 0:03:07]} Bg7 {[%clk 0:03:05]}
6. Be3 {[%clk 0:03:07]} Nf6 {[%clk 0:03:06]} 7. Nc3 {[%clk 0:03:08]} d6
{[%clk 0:03:06]} 8. Be2 {[%clk 0:03:07]} Bd7 {[%clk 0:03:06]} 9. O-O
{[%clk 0:03:06]} O-O {[%clk 0:03:06]} 10. Rc1 {[%clk 0:03:06]} a6
{[%clk 0:03:04]} 11. b3 {[%clk 0:02:59]} Rc8 {[%clk 0:03:03]} 12. h3
{[%clk 0:02:53]} e5 {[%clk 0:02:58]} 13. Nc2 {[%clk 0:02:52]} Qe7
{[%clk 0:02:50]} 14. Qd2 {[%clk 0:02:48]} Be6 {[%clk 0:02:41]} 15. Rcd1
{[%clk 0:02:45]} Rfd8 {[%clk 0:02:42]} 16. Bg5 {[%clk 0:02:31]} Qd7
{[%clk 0:02:32]} 17. Ne3 {[%clk 0:02:27]} h6 {[%clk 0:02:20]} 18. Bxf6
{[%clk 0:02:23]} Bxf6 {[%clk 0:02:19]} 19. Ned5 {[%clk 0:02:21]} Bxd5
{[%clk 0:02:05]} 20. Nxd5 {[%clk 0:02:21]} Bg5 {[%clk 0:01:54]} 21. Qb2
{[%clk 0:02:06]} Rb8 {[%clk 0:01:40]} 22. Rd3 {[%clk 0:01:51]} Ne7
{[%clk 0:01:34]} 23. Nc3 {[%clk 0:01:43]} Nc6 {[%clk 0:01:34]} 24. Rfd1
{[%clk 0:01:36]} Nd4 {[%clk 0:01:35]} 25. Nd5 {[%clk 0:01:34]} Ne6
{[%clk 0:01:27]} 26. g3 {[%clk 0:01:27]} Nc7 {[%clk 0:01:15]} 27. Nc3
{[%clk 0:01:20]} Ne6 {[%clk 0:01:09]} 28. h4 {[%clk 0:01:11]} Bf6
{[%clk 0:01:06]} 29. Nd5 {[%clk 0:01:08]} Bg7 {[%clk 0:01:06]} 30. Bg4
{[%clk 0:01:07]} Qe8 {[%clk 0:01:00]} 31. Ne3 {[%clk 0:00:58]} Nc5
{[%clk 0:00:53]} 32. Rxd6 {[%clk 0:00:49]} Nxe4 {[%clk 0:00:53]} 33. R6d5
{[%clk 0:00:46]} Rxd5 {[%clk 0:00:50]} 34. Nxd5 {[%clk 0:00:45]} Nf6
{[%clk 0:00:45]} 35. Nxf6+ {[%clk 0:00:42]} Bxf6 {[%clk 0:00:45]} 36. Bh3
{[%clk 0:00:35]} Qe7 {[%clk 0:00:45]} 37. Bg2 {[%clk 0:00:33]} Kg7
{[%clk 0:00:44]} 38. Rd5 {[%clk 0:00:28]} Re8 {[%clk 0:00:34]} 39. Qd2
{[%clk 0:00:27]} b6 {[%clk 0:00:23]} 40. Rd7 {[%clk 0:00:27]} Qe6
{[%clk 0:00:21]} 41. Rd6 {[%clk 0:00:26]} Qe7 {[%clk 0:00:21]} 42. Rxb6
{[%clk 0:00:26]} Rd8 {[%clk 0:00:22]} 43. Qe2 {[%clk 0:00:23]} Qa3
{[%clk 0:00:20]} 44. Qf3 {[%clk 0:00:19]} Qc1+ {[%clk 0:00:16]} 45. Kh2
{[%clk 0:00:19]} Be7 {[%clk 0:00:15]} 46. Rb7 {[%clk 0:00:20]} Bf6
{[%clk 0:00:14]} 47. Qc6 {[%clk 0:00:19]} Qd2 {[%clk 0:00:12]} 48. Qc7
{[%clk 0:00:19]} Qxf2 {[%clk 0:00:08]} 49. Qxf7+ {[%clk 0:00:19]} Kh8
{[%clk 0:00:08]} 50. Qh7# {[%clk 0:00:20]} 1-0

[Event "MPJBiS 2020"]
[Site "?"]
[Date "2020.08.30"]
[Round "7.10"]
[White "Zielonka, Adam"]
[Black "Sawicki, Dorian"]
[Result "1-0"]
[BlackElo "1251"]
[WhiteElo "1438"]
[LiveChessVersion "1.4.8"]

1. Nf3 {[%clk 0:03:02]} d5 {[%clk 0:03:04]} 2. c4 {[%clk 0:03:02]} c6
{[%clk 0:03:03]} 3. cxd5 {[%clk 0:03:03]} cxd5 {[%clk 0:03:04]} 4. d4
{[%clk 0:03:03]} Nc6 {[%clk 0:03:05]} 5. Nc3 {[%clk 0:03:03]} Bf5
{[%clk 0:03:03]} 6. a3 {[%clk 0:03:03]} e6 {[%clk 0:03:04]} 7. Bf4
{[%clk 0:03:02]} Bd6 {[%clk 0:03:00]} 8. Bxd6 {[%clk 0:03:02]} Qxd6
{[%clk 0:03:01]} 9. e3 {[%clk 0:03:02]} Nf6 {[%clk 0:03:02]} 10. Bd3
{[%clk 0:03:03]} Bg6 {[%clk 0:02:58]} 11. O-O {[%clk 0:02:59]} O-O
{[%clk 0:02:59]} 12. Bxg6 {[%clk 0:03:00]} hxg6 {[%clk 0:03:00]} 13. Rc1
{[%clk 0:02:58]} a6 {[%clk 0:03:00]} 14. Na4 {[%clk 0:02:56]} Nd7
{[%clk 0:02:49]} 15. Nc5 {[%clk 0:02:51]} Nxc5 {[%clk 0:02:46]} 16. Rxc5
{[%clk 0:02:50]} Rfc8 {[%clk 0:02:42]} 17. Qc2 {[%clk 0:02:48]} b6
{[%clk 0:02:38]} 18. Rc3 {[%clk 0:02:44]} Ne7 {[%clk 0:02:24]} 19. Rc1
{[%clk 0:02:37]} Rxc3 {[%clk 0:02:22]} 20. Qxc3 {[%clk 0:02:37]} Rc8
{[%clk 0:02:24]} 21. Qxc8+ {[%clk 0:02:22]} Nxc8 {[%clk 0:02:25]} 22. Rxc8+
{[%clk 0:02:23]} Kh7 {[%clk 0:02:25]} 23. Ng5+ {[%clk 0:02:24]} Kh6
{[%clk 0:02:27]} 24. h4 {[%clk 0:02:24]} Kh5 {[%clk 0:02:23]} 25. Rh8+
{[%clk 0:02:14]} Kg4 {[%clk 0:02:23]} 26. Nxf7 {[%clk 0:02:10]} Qe7
{[%clk 0:01:37]} 27. Ne5+ {[%clk 0:02:09]} Kf5 {[%clk 0:01:37]} 28. f3
{[%clk 0:01:59]} Kf6 {[%clk 0:01:25]} 29. Rf8+ {[%clk 0:01:57]} Qxf8
{[%clk 0:01:26]} 30. Nd7+ {[%clk 0:01:58]} Kf7 {[%clk 0:01:27]} 31. Nxf8
{[%clk 0:01:59]} Kxf8 {[%clk 0:01:29]} 32. Kf2 {[%clk 0:01:58]} Kf7
{[%clk 0:01:28]} 33. e4 {[%clk 0:01:59]} Kf6 {[%clk 0:01:27]} 34. g4
{[%clk 0:01:57]} g5 {[%clk 0:01:22]} 35. h5 {[%clk 0:01:57]} a5 {[%clk 0:01:19]}
36. Ke3 {[%clk 0:01:55]} Ke7 {[%clk 0:01:12]} 37. f4 {[%clk 0:01:51]} gxf4+
{[%clk 0:01:04]} 38. Kxf4 {[%clk 0:01:51]} Kf6 {[%clk 0:01:03]} 39. g5+
{[%clk 0:01:50]} Ke7 {[%clk 0:01:04]} 40. exd5 {[%clk 0:01:50]} exd5
{[%clk 0:01:05]} 41. Ke5 {[%clk 0:01:51]} Kd7 {[%clk 0:01:00]} 42. Kxd5
{[%clk 0:01:51]} Kc7 {[%clk 0:01:01]} 43. h6 {[%clk 0:01:50]} 1-0

[Event "MPJBiS 2020"]
[Site "?"]
[Date "2020.08.30"]
[Round "7.11"]
[White "Liskiewicz, Jakub"]
[Black "Duda, Leon"]
[Result "0-1"]
[BlackElo "1198"]
[WhiteElo "1383"]
[LiveChessVersion "1.4.8"]

1. d4 {[%clk 0:03:03]} c5 {[%clk 0:03:04]} 2. d5 {[%clk 0:03:04]} e5
{[%clk 0:03:05]} 3. c4 {[%clk 0:03:02]} d6 {[%clk 0:03:06]} 4. Nc3
{[%clk 0:03:01]} Be7 {[%clk 0:03:06]} 5. e4 {[%clk 0:02:58]} Bg5 {[%clk 0:03:06]}
6. Nf3 {[%clk 0:02:49]} Bxc1 {[%clk 0:03:05]} 7. Qxc1 {[%clk 0:02:45]} Nh6
{[%clk 0:03:02]} 8. Bd3 {[%clk 0:02:42]} O-O {[%clk 0:02:59]} 9. O-O
{[%clk 0:02:40]} f5 {[%clk 0:02:57]} 10. exf5 {[%clk 0:02:27]} Bxf5
{[%clk 0:02:57]} 11. Bxf5 {[%clk 0:02:25]} Nxf5 {[%clk 0:02:57]} 12. Ng5
{[%clk 0:02:20]} Qe7 {[%clk 0:02:43]} 13. Ne6 {[%clk 0:02:11]} Rf6
{[%clk 0:02:42]} 14. Ne4 {[%clk 0:02:09]} Rg6 {[%clk 0:02:42]} 15. Qc3
{[%clk 0:01:50]} Nd7 {[%clk 0:02:35]} 16. Qh3 {[%clk 0:01:39]} Nd4
{[%clk 0:02:03]} 17. Nxd4 {[%clk 0:01:15]} cxd4 {[%clk 0:01:54]} 18. b4
{[%clk 0:01:10]} b6 {[%clk 0:01:43]} 19. Rac1 {[%clk 0:01:05]} Nf6
{[%clk 0:01:35]} 20. Nxf6+ {[%clk 0:01:02]} Rxf6 {[%clk 0:01:26]} 21. Rfe1
{[%clk 0:00:57]} Raf8 {[%clk 0:01:08]} 22. f3 {[%clk 0:00:55]} Rf5
{[%clk 0:00:52]} 23. Re4 {[%clk 0:00:47]} Rf4 {[%clk 0:00:50]} 24. Rce1
{[%clk 0:00:44]} Rxe4 {[%clk 0:00:44]} 25. Rxe4 {[%clk 0:00:42]} Rf4
{[%clk 0:00:40]} 26. Rxf4 {[%clk 0:00:33]} exf4 {[%clk 0:00:41]} 27. Qe6+
{[%clk 0:00:28]} Qxe6 {[%clk 0:00:40]} 28. dxe6 {[%clk 0:00:29]} Kf8
{[%clk 0:00:41]} 29. Kf2 {[%clk 0:00:29]} Ke7 {[%clk 0:00:42]} 30. Ke2
{[%clk 0:00:30]} Kxe6 {[%clk 0:00:43]} 31. Kd3 {[%clk 0:00:30]} Ke5
{[%clk 0:00:42]} 32. h4 {[%clk 0:00:29]} h5 {[%clk 0:00:39]} 33. b5
{[%clk 0:00:28]} d5 {[%clk 0:00:39]} 34. cxd5 {[%clk 0:00:25]} Kxd5
{[%clk 0:00:40]} 35. a4 {[%clk 0:00:25]} g6 {[%clk 0:00:38]} 36. Kd2
{[%clk 0:00:22]} Kc4 {[%clk 0:00:38]} 37. Kc2 {[%clk 0:00:22]} d3+
{[%clk 0:00:37]} 38. Kd2 {[%clk 0:00:23]} Kd4 {[%clk 0:00:38]} 39. Kd1
{[%clk 0:00:19]} Ke3 {[%clk 0:00:36]} 40. Ke1 {[%clk 0:00:20]} d2+
{[%clk 0:00:36]} 41. Kd1 {[%clk 0:00:21]} Kd3 {[%clk 0:00:36]} 42. a5
{[%clk 0:00:18]} bxa5 {[%clk 0:00:37]} 43. b6 {[%clk 0:00:17]} axb6
{[%clk 0:00:37]} 44. g4 {[%clk 0:00:15]} fxg3 {[%clk 0:00:37]} 45. f4
{[%clk 0:00:14]} g2 0-1

[Event "MPJBiS 2020"]
[Site "?"]
[Date "2020.08.30"]
[Round "8.1"]
[White "Raczek, Krzysztof"]
[Black "Bochniak, Franciszek"]
[Result "1-0"]
[BlackElo "1485"]
[WhiteElo "1720"]
[LiveChessVersion "1.4.8"]

1. c4 e6 2. Nc3 d5 3. d4 Nf6 4. Bf4 Bb4 5. Rc1 b6 6. Qa4+ Nc6 7. Qxc6+ Bd7 8.
Qxc7 Qe7 9. c5 bxc5 10. Bd6 Qd8 11. Qxd8+ Rxd8 12. Bxc5 Bxc5 13. dxc5 d4 14. Nb1
Bc6 15. Nf3 O-O 16. Rd1 Bxf3 17. exf3 e5 18. Bd3 Nd5 19. O-O Nf4 20. Bc4 Rc8 21.
b4 a5 22. a3 axb4 23. axb4 Rb8 24. b5 Rfc8 25. c6 Kf8 26. Rfe1 f6 27. g3 Ng6 28.
Nd2 f5 29. h4 Ke7 30. h5 Nf8 31. Rxe5+ Kd6 32. Rd5+ Ke7 33. Re1+ Kf6 34. Rd6+ Kg5
35. f4+ Kg4 36. Kg2 Kxh5 37. Be2# 1-0

[Event "MPJBiS 2020"]
[Site "?"]
[Date "2020.08.30"]
[Round "8.2"]
[White "Warchol, Kamil"]
[Black "Krawczyk, Flawian"]
[Result "1-0"]
[BlackElo "1639"]
[WhiteElo "1690"]
[LiveChessVersion "1.4.8"]

1. e4 {[%clk 0:03:04]} c5 {[%clk 0:03:04]} 2. Nf3 d6 3. d4 {[%clk 0:03:06]} cxd4
{[%clk 0:03:07]} 4. Nxd4 {[%clk 0:03:06]} Nf6 {[%clk 0:03:08]} 5. Nc3
{[%clk 0:03:08]} a6 {[%clk 0:03:10]} 6. Bc4 {[%clk 0:03:08]} e6 {[%clk 0:03:10]}
7. O-O {[%clk 0:03:08]} Be7 {[%clk 0:03:11]} 8. Re1 {[%clk 0:03:08]} O-O
{[%clk 0:03:08]} 9. a3 {[%clk 0:03:09]} b5 {[%clk 0:03:06]} 10. Be2
{[%clk 0:03:07]} Bb7 {[%clk 0:03:04]} 11. f3 {[%clk 0:03:06]} Nbd7
{[%clk 0:03:00]} 12. Be3 {[%clk 0:03:06]} Re8 {[%clk 0:03:01]} 13. Kh1
{[%clk 0:03:07]} Rc8 {[%clk 0:02:51]} 14. Qd2 {[%clk 0:03:03]} Bf8
{[%clk 0:02:49]} 15. Rad1 {[%clk 0:03:01]} Ne5 {[%clk 0:02:29]} 16. Bg1
{[%clk 0:02:32]} Qc7 {[%clk 0:02:24]} 17. Nb3 {[%clk 0:02:24]} Nfd7
{[%clk 0:02:06]} 18. Bd4 {[%clk 0:02:19]} Nc4 {[%clk 0:01:36]} 19. Bxc4
{[%clk 0:02:16]} bxc4 {[%clk 0:01:35]} 20. Nc1 {[%clk 0:02:17]} d5
{[%clk 0:01:31]} 21. exd5 {[%clk 0:02:08]} exd5 {[%clk 0:01:28]} 22. N1e2
{[%clk 0:02:04]} Ne5 {[%clk 0:01:18]} 23. Nf4 {[%clk 0:01:54]} Rcd8
{[%clk 0:01:16]} 24. Qf2 {[%clk 0:01:45]} Rd7 {[%clk 0:00:24]} 25. Bb6
{[%clk 0:01:42]} Qb8 {[%clk 0:00:25]} 26. Nfxd5 {[%clk 0:01:33]} Bxd5
{[%clk 0:00:25]} 27. Nxd5 {[%clk 0:01:24]} Rb7 {[%clk 0:00:20]} 28. Bd4
{[%clk 0:01:18]} Ng6 {[%clk 0:00:16]} 29. Ne3 {[%clk 0:00:48]} Qc8 30. Qf1
{[%clk 0:00:41]} Rc7 {[%clk 0:00:09]} 31. Nd5 {[%clk 0:00:37]} Rxe1
{[%clk 0:00:09]} 32. Rxe1 {[%clk 0:00:36]} Rc6 {[%clk 0:00:10]} 33. Qf2
{[%clk 0:00:31]} Qb7 {[%clk 0:00:09]} 34. Ne3 {[%clk 0:00:26]} Rc8
{[%clk 0:00:08]} 35. Nf5 {[%clk 0:00:27]} Qd5 {[%clk 0:00:07]} 36. Ng3
{[%clk 0:00:24]} Rd8 {[%clk 0:00:07]} 37. Bc3 {[%clk 0:00:25]} Bc5
{[%clk 0:00:06]} 38. Qe2 {[%clk 0:00:22]} Bf8 {[%clk 0:00:07]} 39. Qe4
{[%clk 0:00:22]} Qxe4 {[%clk 0:00:08]} 40. Nxe4 {[%clk 0:00:19]} f6
{[%clk 0:00:08]} 41. Kg1 {[%clk 0:00:19]} Re8 {[%clk 0:00:09]} 42. Nxf6+
{[%clk 0:00:19]} 1-0

[Event "MPJBiS 2020"]
[Site "?"]
[Date "2020.08.30"]
[Round "8.3"]
[White "Zieba, Hubert"]
[Black "Wierzbicki, Dawid"]
[Result "1/2-1/2"]
[BlackElo "1550"]
[WhiteElo "1466"]
[LiveChessVersion "1.4.8"]

1. c4 {[%clk 0:03:03]} e5 {[%clk 0:03:03]} 2. Nc3 {[%clk 0:03:04]} Nc6
{[%clk 0:03:04]} 3. g3 {[%clk 0:03:04]} g6 {[%clk 0:03:05]} 4. Bg2
{[%clk 0:03:01]} Bg7 {[%clk 0:03:06]} 5. e3 {[%clk 0:02:59]} d6 {[%clk 0:03:07]}
6. Nge2 {[%clk 0:03:00]} Nge7 {[%clk 0:03:07]} 7. O-O {[%clk 0:02:59]} Be6
{[%clk 0:03:08]} 8. b3 {[%clk 0:02:51]} O-O {[%clk 0:03:07]} 9. Bb2
{[%clk 0:02:51]} f5 {[%clk 0:03:02]} 10. d4 {[%clk 0:02:52]} exd4
{[%clk 0:02:50]} 11. exd4 {[%clk 0:02:44]} d5 {[%clk 0:02:52]} 12. Nf4
{[%clk 0:02:35]} Bf7 {[%clk 0:02:22]} 13. Ncxd5 {[%clk 0:02:34]} Nxd5
{[%clk 0:02:20]} 14. Nxd5 {[%clk 0:02:33]} Re8 {[%clk 0:02:06]} 15. Qd2
{[%clk 0:02:30]} Qd7 {[%clk 0:01:54]} 16. Rfe1 {[%clk 0:02:22]} Ne7
{[%clk 0:01:25]} 17. Nxe7+ {[%clk 0:02:16]} Rxe7 {[%clk 0:01:25]} 18. d5
{[%clk 0:02:09]} Rae8 {[%clk 0:01:12]} 19. Bxg7 {[%clk 0:02:04]} Kxg7
{[%clk 0:01:10]} 20. Rxe7 {[%clk 0:01:43]} Qxe7 {[%clk 0:01:11]} 21. Kf1
{[%clk 0:01:41]} Qc5 {[%clk 0:01:05]} 22. Re1 {[%clk 0:01:34]} Rxe1+
{[%clk 0:00:59]} 23. Qxe1 {[%clk 0:01:34]} Qd4 {[%clk 0:00:56]} 24. Bf3
{[%clk 0:01:26]} b5 {[%clk 0:00:49]} 25. Qe2 {[%clk 0:01:17]} bxc4
{[%clk 0:00:28]} 26. bxc4 {[%clk 0:01:16]} c6 {[%clk 0:00:29]} 27. Kg2
{[%clk 0:01:01]} cxd5 {[%clk 0:00:26]} 28. cxd5 {[%clk 0:01:00]} Bxd5
{[%clk 0:00:20]} 29. Bxd5 {[%clk 0:00:51]} Qxd5+ {[%clk 0:00:20]} 30. f3
{[%clk 0:00:52]} Qd4 {[%clk 0:00:21]} 31. Qf2 {[%clk 0:00:48]} Qd5
{[%clk 0:00:22]} 32. Qxa7+ {[%clk 0:00:48]} Kf6 {[%clk 0:00:22]} 33. Qf2
{[%clk 0:00:47]} Qa5 {[%clk 0:00:23]} 34. Qb2+ {[%clk 0:00:45]} Kf7
{[%clk 0:00:24]} 35. a3 {[%clk 0:00:45]} Ke6 {[%clk 0:00:22]} 36. Qb3+
{[%clk 0:00:41]} Ke5 {[%clk 0:00:21]} 37. f4+ {[%clk 0:00:40]} Kf6
{[%clk 0:00:19]} 38. Qb2+ {[%clk 0:00:36]} Kf7 {[%clk 0:00:20]} 39. Qb4
{[%clk 0:00:36]} Qa8+ {[%clk 0:00:20]} 40. Kf2 {[%clk 0:00:36]} Qa7+
{[%clk 0:00:21]} 41. Kg2 {[%clk 0:00:37]} Qa8+ {[%clk 0:00:22]} 42. Kf2
{[%clk 0:00:36]} Qa7+ {[%clk 0:00:23]} 1/2-1/2

[Event "MPJBiS 2020"]
[Site "?"]
[Date "2020.08.30"]
[Round "8.4"]
[White "Dobosiewicz, Dawid"]
[Black "Nawalaniec, Adam"]
[Result "1-0"]
[BlackElo "1444"]
[WhiteElo "1469"]
[LiveChessVersion "1.4.8"]

1. e4 {[%clk 0:03:02]} Nc6 {[%clk 0:03:03]} 2. d4 {[%clk 0:03:03]} d5
{[%clk 0:03:04]} 3. e5 {[%clk 0:03:03]} Bf5 {[%clk 0:03:05]} 4. Nf3
{[%clk 0:03:02]} e6 {[%clk 0:03:04]} 5. c4 {[%clk 0:03:01]} Nge7 {[%clk 0:02:53]}
6. Nc3 {[%clk 0:02:50]} Nc8 {[%clk 0:02:50]} 7. cxd5 {[%clk 0:02:44]} exd5
{[%clk 0:02:50]} 8. Bd3 {[%clk 0:02:34]} Bxd3 {[%clk 0:02:39]} 9. Qxd3
{[%clk 0:02:35]} Bb4 {[%clk 0:02:40]} 10. O-O {[%clk 0:02:29]} h6
{[%clk 0:02:20]} 11. a3 {[%clk 0:02:22]} Bxc3 {[%clk 0:02:18]} 12. bxc3
{[%clk 0:02:23]} O-O {[%clk 0:02:18]} 13. Bf4 {[%clk 0:02:21]} N8e7
{[%clk 0:02:17]} 14. Qd2 {[%clk 0:02:16]} Ng6 {[%clk 0:01:43]} 15. Bg3
{[%clk 0:01:59]} Qd7 {[%clk 0:01:33]} 16. Rab1 {[%clk 0:01:52]} b6
{[%clk 0:01:31]} 17. h4 {[%clk 0:01:45]} Na5 {[%clk 0:01:29]} 18. h5
{[%clk 0:01:44]} Nc4 {[%clk 0:01:28]} 19. Qa2 {[%clk 0:01:37]} Ne7
{[%clk 0:01:25]} 20. Nd2 {[%clk 0:01:38]} Nxd2 {[%clk 0:01:05]} 21. Qxd2
{[%clk 0:01:38]} Qg4 {[%clk 0:01:04]} 22. Qd1 {[%clk 0:01:39]} Qg5
{[%clk 0:00:45]} 23. Qf3 {[%clk 0:01:16]} f5 {[%clk 0:00:27]} 24. Bf4
{[%clk 0:01:09]} Qg4 {[%clk 0:00:15]} 25. Qxg4 {[%clk 0:00:51]} fxg4
{[%clk 0:00:16]} 26. g3 {[%clk 0:00:51]} Rf5 {[%clk 0:00:17]} 27. Kg2
{[%clk 0:00:45]} Rxh5 {[%clk 0:00:18]} 28. c4 {[%clk 0:00:39]} c6
{[%clk 0:00:18]} 29. cxd5 {[%clk 0:00:39]} Nxd5 {[%clk 0:00:19]} 30. Rfc1
{[%clk 0:00:40]} Nxf4+ {[%clk 0:00:19]} 31. gxf4 {[%clk 0:00:41]} c5
{[%clk 0:00:14]} 32. dxc5 {[%clk 0:00:31]} bxc5 {[%clk 0:00:15]} 33. Rxc5
{[%clk 0:00:31]} Rf8 {[%clk 0:00:16]} 34. Kg3 {[%clk 0:00:29]} Rh3+
{[%clk 0:00:17]} 35. Kxg4 {[%clk 0:00:30]} Rxa3 {[%clk 0:00:18]} 36. Rb4
{[%clk 0:00:16]} Ra2 {[%clk 0:00:18]} 37. Kg3 {[%clk 0:00:16]} a5
{[%clk 0:00:14]} 38. Rb7 {[%clk 0:00:17]} Ra4 {[%clk 0:00:12]} 39. Rcc7
{[%clk 0:00:15]} Rfxf4 {[%clk 0:00:13]} 40. Rxg7+ {[%clk 0:00:16]} Kf8
{[%clk 0:00:14]} 41. Rh7 {[%clk 0:00:12]} Rg4+ {[%clk 0:00:14]} 42. Kf3
{[%clk 0:00:12]} Rgf4+ {[%clk 0:00:14]} 43. Kg2 {[%clk 0:00:12]} Kg8
{[%clk 0:00:09]} 44. Rhc7 {[%clk 0:00:12]} Rg4+ {[%clk 0:00:08]} 45. Kf1
{[%clk 0:00:13]} Rgf4 {[%clk 0:00:06]} 46. e6 {[%clk 0:00:11]} Ra1+
{[%clk 0:00:05]} 47. Kg2 {[%clk 0:00:11]} Ra2 {[%clk 0:00:05]} 48. Rb8+
{[%clk 0:00:06]} Rf8 {[%clk 0:00:06]} 49. Rxf8+ {[%clk 0:00:06]} Kxf8
{[%clk 0:00:07]} 50. Ra7 {[%clk 0:00:07]} a4 {[%clk 0:00:08]} 51. Kg3
{[%clk 0:00:08]} a3 {[%clk 0:00:09]} 52. f4 {[%clk 0:00:06]} Ra1 {[%clk 0:00:07]}
53. f5 {[%clk 0:00:06]} a2 {[%clk 0:00:08]} 54. Kg2 {[%clk 0:00:07]} Re1
{[%clk 0:00:05]} 55. Rxa2 {[%clk 0:00:08]} Re5 {[%clk 0:00:05]} 56. Rf2
{[%clk 0:00:09]} Ke7 {[%clk 0:00:06]} 57. Kg3 {[%clk 0:00:10]} Kf6
{[%clk 0:00:06]} 58. Kg4 {[%clk 0:00:11]} Re4+ {[%clk 0:00:07]} 59. Kh5
{[%clk 0:00:11]} Re5 {[%clk 0:00:06]} 60. Kxh6 {[%clk 0:00:11]} Re3
{[%clk 0:00:07]} 61. Kh5 {[%clk 0:00:11]} Re5 {[%clk 0:00:07]} 62. Kg4
{[%clk 0:00:12]} Re4+ {[%clk 0:00:08]} 63. Rf4 {[%clk 0:00:13]} Re3
{[%clk 0:00:09]} 64. Rb4 {[%clk 0:00:11]} Re5 {[%clk 0:00:09]} 65. Rb7
{[%clk 0:00:10]} Re4+ {[%clk 0:00:10]} 66. Kf3 {[%clk 0:00:11]} Re5
{[%clk 0:00:07]} 67. Rf7+ {[%clk 0:00:12]} Kg5 {[%clk 0:00:06]} 68. e7
{[%clk 0:00:13]} Re1 {[%clk 0:00:04]} 69. f6 {[%clk 0:00:14]} Kg6
{[%clk 0:00:05]} 70. Rf8 {[%clk 0:00:14]} Rf1+ {[%clk 0:00:05]} 71. Ke2
{[%clk 0:00:15]} 1-0

[Event "MPJBiS 2020"]
[Site "?"]
[Date "2020.08.30"]
[Round "8.5"]
[White "Duda, Szymon"]
[Black "Seemann, Jakub"]
[Result "0-1"]
[BlackElo "1811"]
[WhiteElo "1383"]
[LiveChessVersion "1.4.8"]

1. Nf3 Nf6 2. d4 g6 3. g3 Bg7 4. Bg2 O-O 5. O-O d6 6. c4 Nc6 7. Nc3 Bg4 8. h3
Bxf3 9. Bxf3 Nd7 10. e3 e5 11. d5 Ne7 12. e4 f5 13. Bg5 h6 14. Bxe7 Qxe7 15. exf5
gxf5 16. Bg2 Nf6 17. Qe2 Rae8 18. Rae1 e4 19. Qe3 Qf7 20. Qxa7 f4 21. Nxe4 Qg6
22. Nxf6+ Bxf6 23. Qa3 Be5 24. Kh2 Re7 25. Be4 Qg5 26. Rg1 Rg7 27. Qd3 fxg3+ 28.
fxg3 Rf2+ 29. Kh1 Rxb2 30. Qf3 Rxa2 31. g4 Qd2 32. Rg2 Qxe1+ 0-1

[Event "MPJBiS 2020"]
[Site "?"]
[Date "2020.08.30"]
[Round "8.6"]
[White "Duda, Leon"]
[Black "Musial, Igor"]
[Result "0-1"]
[BlackElo "1758"]
[WhiteElo "1198"]
[LiveChessVersion "1.4.8"]

1. e4 {[%clk 0:03:03]} c5 {[%clk 0:03:04]} 2. Nf3 {[%clk 0:03:05]} d6
{[%clk 0:03:05]} 3. d4 {[%clk 0:03:06]} cxd4 {[%clk 0:03:06]} 4. Nxd4 Nf6 5. Nc3
{[%clk 0:03:08]} Nc6 {[%clk 0:03:08]} 6. Be3 {[%clk 0:03:05]} Ng4
{[%clk 0:03:08]} 7. Bg5 {[%clk 0:02:59]} Qb6 {[%clk 0:02:25]} 8. Nce2
{[%clk 0:01:40]} e5 {[%clk 0:01:40]} 9. h3 {[%clk 0:01:26]} exd4 {[%clk 0:01:22]}
10. hxg4 {[%clk 0:01:23]} Bxg4 11. f3 {[%clk 0:01:11]} Be6 {[%clk 0:01:09]} 12.
c3 {[%clk 0:00:52]} dxc3 {[%clk 0:00:40]} 13. Nxc3 {[%clk 0:00:52]} Be7
{[%clk 0:00:36]} 14. Bxe7 {[%clk 0:00:43]} Nxe7 {[%clk 0:00:37]} 15. Qd2
{[%clk 0:00:30]} O-O-O {[%clk 0:00:29]} 16. Be2 {[%clk 0:00:25]} d5
{[%clk 0:00:25]} 17. Qc2 {[%clk 0:00:11]} Kb8 {[%clk 0:00:21]} 18. O-O-O
{[%clk 0:00:10]} d4 {[%clk 0:00:20]} 19. Na4 {[%clk 0:00:10]} Qb4
{[%clk 0:00:10]} 20. Kb1 {[%clk 0:00:09]} Rc8 {[%clk 0:00:11]} 21. Qd3
{[%clk 0:00:03]} Qxa4 {[%clk 0:00:12]} 22. Qxd4 {[%clk 0:00:03]} Qxa2#
{[%clk 0:00:13]} 0-1

[Event "MPJBiS 2020"]
[Site "?"]
[Date "2020.08.30"]
[Round "8.7"]
[White "Pawlowski, Kamil"]
[Black "Grot, Blazej"]
[Result "1-0"]
[BlackElo "1557"]
[WhiteElo "1177"]
[LiveChessVersion "1.4.8"]

1. c4 g6 2. d4 Bg7 3. Nc3 Nf6 4. e3 O-O 5. Nge2 d6 6. Ng3 Nbd7 7. Bd3 e5 8. O-O
a5 9. b3 c6 10. Bb2 Qc7 11. d5 Nc5 12. e4 Nxd3 13. Qxd3 Ne8 14. f4 exf4 15. Rxf4
Bd7 16. Rd1 Be5 17. Rff1 Ng7 18. Na4 Rae8 19. Bxe5 Rxe5 20. Rf2 c5 21. Rdf1 Qd8
22. Nc3 Qe7 23. Rf4 f5 24. exf5 Nxf5 25. Nxf5 Bxf5 26. Qg3 Re3 27. R4f3 Re5 28.
Rf4 Kh8 29. R4f3 Re8 30. h3 Re1 31. Rxe1 Qxe1+ 32. Qxe1 Rxe1+ 33. Kf2 Rc1 34. Kg3
Kg7 35. Nb5 Rc2 36. Nxd6 Rxa2 37. Nxb7 Rb2 38. Nxc5 h5 39. d6 Kf6 40. d7 Ke7 41.
Re3+ Kd8 42. Re8+ Kc7 43. d8=Q+ Kc6 44. Qa8+ Kxc5 45. Re5+ Kb4 46. Qxa5+ Kxb3 47.
Rb5+ Kc2 48. Rxb2+ Kxb2 49. Qb4+ Kc2 {[%clk 0:04:00]} 50. c5 Bd7 51. c6 Bxc6 52.
Qc4+ Kd2 53. Qxc6 Ke3 54. Qe6+ Kd4 55. Kf4 Kc3 56. Qd5 Kc2 57. Ke3 Kc3 58. Qc5+
Kb2 59. Kd2 Kb3 60. Qc3+ Ka2 61. Qb4 Ka1 62. Kc2 Ka2 63. Qa4# 1-0

[Event "MPJBiS 2020"]
[Site "?"]
[Date "2020.08.30"]
[Round "8.8"]
[White "Bartodziej, Bartosz"]
[Black "Bartoszczuk, Adam"]
[Result "0-1"]
[BlackElo "1223"]
[WhiteElo "1465"]
[LiveChessVersion "1.4.8"]

1. e4 {[%clk 0:03:03]} c5 {[%clk 0:03:03]} 2. Nf3 {[%clk 0:03:04]} e6
{[%clk 0:03:04]} 3. d4 {[%clk 0:03:05]} cxd4 {[%clk 0:03:05]} 4. Nxd4
{[%clk 0:03:05]} a6 {[%clk 0:03:07]} 5. c4 {[%clk 0:03:06]} Qc7 {[%clk 0:03:07]}
6. Nc3 {[%clk 0:03:04]} Nf6 {[%clk 0:03:05]} 7. Qd3 {[%clk 0:03:01]} d6
{[%clk 0:03:03]} 8. Be2 {[%clk 0:02:55]} Nbd7 {[%clk 0:03:03]} 9. f4
{[%clk 0:02:43]} Be7 {[%clk 0:02:38]} 10. O-O {[%clk 0:02:40]} O-O
{[%clk 0:02:37]} 11. b4 {[%clk 0:02:39]} b6 {[%clk 0:02:35]} 12. Be3
{[%clk 0:02:36]} Bb7 {[%clk 0:02:35]} 13. Rac1 {[%clk 0:02:34]} Rac8
{[%clk 0:02:26]} 14. a3 {[%clk 0:02:25]} Qb8 {[%clk 0:02:10]} 15. Nb3
{[%clk 0:02:19]} Qa8 {[%clk 0:01:57]} 16. Nd2 {[%clk 0:02:19]} Rc7
{[%clk 0:01:31]} 17. g4 {[%clk 0:01:58]} Rfc8 {[%clk 0:01:24]} 18. g5
{[%clk 0:01:52]} Ne8 {[%clk 0:01:24]} 19. Bg4 {[%clk 0:01:16]} g6
{[%clk 0:01:09]} 20. f5 {[%clk 0:00:51]} Ne5 {[%clk 0:00:53]} 21. Qe2
{[%clk 0:00:51]} exf5 {[%clk 0:00:32]} 22. exf5 {[%clk 0:00:51]} Nxc4
{[%clk 0:00:32]} 23. Nxc4 {[%clk 0:00:40]} Rxc4 {[%clk 0:00:33]} 24. fxg6
{[%clk 0:00:28]} hxg6 {[%clk 0:00:26]} 25. Bxc8 {[%clk 0:00:29]} Qxc8
{[%clk 0:00:23]} 26. Rf2 {[%clk 0:00:05]} Rxc3 {[%clk 0:00:19]} 27. Rcf1
{[%clk 0:00:06]} Bd5 {[%clk 0:00:15]} 28. Bd4 {[%clk 0:00:04]} Rc4
{[%clk 0:00:10]} 29. Qxe7 {[%clk 0:00:03]} Rxd4 0-1